00493nam a2200097Ia 4500008004100000245011100041260004100152650013900193650001400332856004900346171212s9999 xx 000 0 und d ceditor Curtin, Michael;Sanson, KevinaVoices of LaborbCreativity, Craft, and Conflict in Global Hollywood bUniversity of California Pressc2017 aMotion picture industry -- Employees -- Interviews; Motion picture industry -- California -- Los Angeles; Mass media and globalization aSociology uhttp://jstor.org/stable/10.1525/j.ctt1pq347f